=LDR 00000nam 2200000 4500 =001 INLIS000000000006238 =005 20200422091510 =035 ##$$a 0010-061300000006238 =008 200422################g##########0#ind## =041 ##$$a Ind =082 ##$$a 2x3.1 =090 ##$$a 2x3.1, Haw a =100 ##$$a Hawwa, Sa'id =245 1#$$a Allah /$c Sa'id Hawwa; alih bahasa LPMI-SMA Pelita Buana =260 ##$$a solo :$b Pustaka Mantia,$c 1993 =300 ##$$a 278 hlm. ; $c 18 x 123cm. =650 #4$$a Allah =710 #$$a LPMI-SMA Pelita Buana =850 ##$$a NBPNMAT =084 ##$$a 2x3.1 HAW a =250 ##$$a cet. 4 =990 ##$$a DW00025747 =990 ##$$a 0001/BPAP-NTB/2016 =990 ##$$a 52.674/pro-93 =990 ##$$a DW00025747 =990 ##$$a DW00025747 =990 ##$$a 52.674/pro-93 =990 ##$$a 00670067 =990 ##$$a 111.432/pro-1997 =990 ##$$a DW00025747 =990 ##$$a 52.674/pro-93 =990 ##$$a 04770477 =990 ##$$a 52.677/pro-93 =990 ##$$a DW00025747 =990 ##$$a 52.674/pro-93 =990 ##$$a 111.432/pro-1997